000 00641nam a2200241Ia 4500
003 OSt
005 20221005131806.0
006 a|||||r|||| 00| 0
007 ta
008 221004b |||||||| |||| 00| 0 tam d
024 _a48423
037 _cTextual
040 _aCRL
_cCRL
_btam
041 _2tam
_atam
082 _aO31,1K5, J5
100 _aMadras Oriental Manuscripts library Au.
_9640095
245 0 _aSundara pandyam
260 _c1955
650 _a TAMIL POETRY
650 _aTAMIL LITERATURE
942 _hO31,1K5, J5
_cTEXL
_2cc
999 _c1061413
_d1061413